000 00593nam a2200205Ia 4500
005 20250508164041.0
008 008 250505s9999 xx 000 0 eng d
020 _a81-7263-173-1
037 _aTextual
040 _aFEDL
_beng
_cFEDL
041 _aeng
_2eng
084 _a378, IGN
_qFEDL
245 0 _aPlanning and management of higher education. ES-304
245 0 _cIGNOU
260 _aDelhi, India
_bIndira Gandhi National Open University School of Education
_c2001
365 _aINR
_b350
546 _aNo 1-5
942 _cTEXL
_h378, IGN
999 _c1386787
_d1386787